00314nam a2200121Ia 4500008004100000041001200041082001800053100002500071245003400096260003500130300000800165650001900173231217s9999 xx 000 0 und d aEnglish a294.5921 PRA aPrabhavananda, Swami 0aVedic religion and philosophy cNULLbRamakrishna Math, Madras a171 aVedic relegion